<?xml version="1.0" encoding="UTF-8"?>
<collection xmlns="http://www.loc.gov/MARC21/slim">
 <record>
  <leader>01012nas a2200301 a 4500</leader>
  <controlfield tag="001">elibro.ELB82106</controlfield>
  <controlfield tag="003">FlNmELB</controlfield>
  <controlfield tag="006">m     o  d |      </controlfield>
  <controlfield tag="007">cr cn|||||||||</controlfield>
  <controlfield tag="008">201212r2011    sp |||||s|||||||||||spa d</controlfield>
  <datafield tag="022" ind1=" " ind2=" ">
   <subfield code="a">0214-4697</subfield>
  </datafield>
  <datafield tag="035" ind1=" " ind2=" ">
   <subfield code="a">(OCoLC)1105908252</subfield>
  </datafield>
  <datafield tag="040" ind1=" " ind2=" ">
   <subfield code="a">FlNmELB</subfield>
   <subfield code="b">spa</subfield>
   <subfield code="c">FlNmELB</subfield>
  </datafield>
  <datafield tag="050" ind1=" " ind2="4">
   <subfield code="a">RS91</subfield>
   <subfield code="b">F233 2011</subfield>
  </datafield>
  <datafield tag="080" ind1=" " ind2=" ">
   <subfield code="a">615.4(05)</subfield>
  </datafield>
  <datafield tag="082" ind1="0" ind2="4">
   <subfield code="a">615.4</subfield>
   <subfield code="2">22</subfield>
  </datafield>
  <datafield tag="222" ind1=" " ind2="3">
   <subfield code="a">El farmaceutico hospitales</subfield>
  </datafield>
  <datafield tag="245" ind1="0" ind2="3">
   <subfield code="a">El farmaceutico hospitales</subfield>
   <subfield code="h">[recurso electronico].</subfield>
  </datafield>
  <datafield tag="260" ind1=" " ind2=" ">
   <subfield code="a">Barcelona :</subfield>
   <subfield code="b">Mayo,</subfield>
   <subfield code="c">2011.</subfield>
  </datafield>
  <datafield tag="300" ind1=" " ind2=" ">
   <subfield code="a">v.</subfield>
  </datafield>
  <datafield tag="310" ind1=" " ind2=" ">
   <subfield code="a">Trimestral</subfield>
  </datafield>
  <datafield tag="362" ind1="0" ind2=" ">
   <subfield code="a">Num. 197 (Octubre 2011)-</subfield>
  </datafield>
  <datafield tag="533" ind1=" " ind2=" ">
   <subfield code="a">Recurso electrónico. Santa Fe, Arg.: e-libro, 2015. Disponible vía World Wide Web. El acceso puede estar limitado para las bibliotecas afiliadas a e-libro.</subfield>
  </datafield>
  <datafield tag="650" ind1=" " ind2="4">
   <subfield code="a">Farmacia galénica</subfield>
   <subfield code="v">Publicaciones periódicas.</subfield>
  </datafield>
  <datafield tag="650" ind1=" " ind2="0">
   <subfield code="a">Pharmacy</subfield>
   <subfield code="v">Periodicals.</subfield>
  </datafield>
  <datafield tag="655" ind1=" " ind2="4">
   <subfield code="a">Revistas electrónicas.</subfield>
  </datafield>
  <datafield tag="710" ind1="2" ind2=" ">
   <subfield code="a">e-libro, Corp.</subfield>
  </datafield>
  <datafield tag="856" ind1="4" ind2="0">
   <subfield code="u">https://elibro.net/ereader/unsbiblio/82106</subfield>
  </datafield>
 </record>
</collection>
